|
|
|
|
| LEADER |
00961nam a22001937a 4500 |
| 082 |
|
|
|a 894.M1
|b SAT5/A M1
|
| 100 |
|
|
|a ആറന്മുള സത്യവ്രത൯
|9 153496
|
| 100 |
|
|
|a Aranmula Sathyavrathan
|9 153497
|
| 240 |
|
|
|a Award
|
| 245 |
|
|
|a അവാ൪ഡ് (കവിതകള്)
|
| 250 |
|
|
|a 1st
|
| 260 |
|
|
|a Kottayam;
|b National Book Stall;
|c 1981
|
| 300 |
|
|
|a 65p.
|
| 650 |
|
|
|a മലയാളം; മലയാളസാഹിത്യം; മലയാളം കവിതകള്
|9 153498
|
| 650 |
|
|
|a Malayalam; Malayalam Literature; Malayalam Poetry
|9 153499
|
| 942 |
|
|
|c BK
|
| 999 |
|
|
|c 40460
|d 40460
|
| 952 |
|
|
|0 0
|1 0
|4 0
|6 894_000000000000000_M1_SAT5_A_M11
|7 0
|8 POE
|9 46212
|a MAL
|b MAL
|d 2015-07-01
|e 30182
|g 5.50
|l 0
|o 894.M1 SAT5/A M1;1
|p MAL030182
|r 2015-07-01
|t 1
|w 2015-07-01
|y BK
|
| 952 |
|
|
|0 0
|1 0
|4 0
|6 894_000000000000000_M1_SAT5_A_M1
|7 0
|8 POE
|9 46213
|a MAL
|b MAL
|d 2016-09-05
|e T000151A
|g 5.50
|l 0
|o 894.M1 SAT5/A M1
|p MALT000151A
|r 2016-09-05
|t 1
|w 2016-09-05
|y BK
|